Návrh vypínacieho plánu pre priemyselný podnik

Gespeichert in:
Bibliographische Detailangaben
1. Verfasser: Tomášek, Jaroslav (Verfasst von)
Weitere Verfasser: Janíček, František (Betreuung Doktorarbeit)
Format: Manuskript Buch
Sprache:Slowakisch
Veröffentlicht: 2015
Schlagworte:
Online-Zugang:http://is.stuba.sk/zp/portal_zp.pl?podrobnosti=88824
Tags: Tag hinzufügen
Keine Tags, Fügen Sie das erste Tag hinzu!

MARC

LEADER 00000ntm a22000003a 4500
001 stuzp49223
003 SK-STU
005 20160719153228.7
007 ta
008 150427s2015----xo-----f-mn---000-0-slo-d
040 |a STU  |b slo 
041 0 |a slo 
100 1 |a Tomášek, Jaroslav  |u 032000  |4 aut  |U FEI Fakulta elektrotechniky a informatiky  |T FEI Ústav elektroenergetiky a aplikovanej elektrotechniky  |X 8941  |U E020  |Y 548  |7 8941 
242 0 1 |a Shutdown plan design for an industrial company  |y eng 
245 1 0 |a Návrh vypínacieho plánu pre priemyselný podnik 
260 |c 2015 
300 |a 57 s., príl. 
650 4 |a digitálna ochrana  |2 slo 
650 4 |a vypínací plán  |2 slo 
650 4 |a algoritmus  |2 slo 
650 4 |a digital protection  |2 eng 
650 4 |a shutdown plan  |2 eng 
650 4 |a algorithm  |2 eng 
700 1 |a Janíček, František  |4 ths  |X 1958  |7 A000001958 
856 4 |u http://is.stuba.sk/zp/portal_zp.pl?podrobnosti=88824 
996 |b 284ER01759  |c E*Bc- 1759  |l EE32  |s P  |a 0  |w stuzp49223_0001 
SQL |a stuzp49223  |b DBP  |c SLO  |d Návrh vypínacieho plánu pre priemyselný podnik  |e 8941  |f Tomášek, Jaroslav  |g 032000  |h 1958  |i Janíček, František  |j 20150708  |k 76  |l 03  |m http://is.stuba.sk/zp/portal_zp.pl?podrobnosti=88824  |n B-ELT  |o 5.2.9. elektrotechnika